<?xml version="1.0" encoding="UTF-8"?><collection xmlns="info:lc/xmlns/marcxchange-v2"><record format="Unimarc" type="bibliographic"><leader>00738nam  2200241   450 </leader><controlfield tag="001">2565842</controlfield><controlfield tag="003">http://id.bnportugal.gov.pt/bib/porbase/2565842</controlfield><datafield ind1=" " ind2=" " tag="010"><subfield code="a">0-80-70-5799-1</subfield></datafield><datafield ind1=" " ind2=" " tag="035"><subfield code="a">(bn)1842517</subfield></datafield><datafield ind1=" " ind2=" " tag="100"><subfield code="a">20130624d1963    m  y0pory01030103ba</subfield></datafield><datafield ind1="0" ind2=" " tag="101"><subfield code="a">eng</subfield></datafield><datafield ind1=" " ind2=" " tag="102"><subfield code="a">US</subfield></datafield><datafield ind1=" " ind2=" " tag="106"><subfield code="a">r</subfield></datafield><datafield ind1="1" ind2=" " tag="200"><subfield code="a">?The ?gnostic religion</subfield><subfield code="e">?the ?message of the alien God and the beginnings of Christianity</subfield></datafield><datafield ind1=" " ind2=" " tag="205"><subfield code="a">2nd ed., rev</subfield></datafield><datafield ind1=" " ind2="9" tag="210"><subfield code="a">Boston</subfield><subfield code="c">Beacon Press</subfield><subfield code="d">cop. 1963</subfield></datafield><datafield ind1=" " ind2=" " tag="215"><subfield code="a">XX, 358 p.</subfield></datafield><datafield ind1="2" ind2=" " tag="225"><subfield code="a">Beacon paperback</subfield><subfield code="v">259</subfield></datafield><datafield ind1=" " ind2=" " tag="675"><subfield code="a">2-1(042)</subfield><subfield code="v">BN</subfield><subfield code="z">por</subfield><subfield code="3">1303133</subfield></datafield><datafield ind1=" " ind2=" " tag="675"><subfield code="a">165.7(042)</subfield><subfield code="v">BN</subfield><subfield code="z">por</subfield><subfield code="3">1568823</subfield></datafield><datafield ind1=" " ind2="1" tag="700"><subfield code="a">Jonas</subfield><subfield code="b">Hans</subfield><subfield code="f">1903-1993</subfield><subfield code="3">460585</subfield></datafield><datafield ind1=" " ind2="0" tag="801"><subfield code="a">PT</subfield><subfield code="b">BN</subfield><subfield code="g">RPC</subfield></datafield><datafield ind1=" " ind2=" " tag="966"><subfield code="l">BN</subfield><subfield code="m">FGMON</subfield><subfield code="p">Biblioteca Alberto de Lacerda</subfield><subfield code="x">3</subfield></datafield><datafield ind1=" " ind2=" " tag="997"><subfield code="a">BIBEOD</subfield></datafield></record></collection>